00857nam a22002534a 450000500170000000800410001701000140005802000260007203500130009803700150011104000180012608200110014410000260015524500690018125000130025026000360026327000460029930000280034550000190037365000260039294200250041899900170044395201430046020090806122842.0000615s2001 nyu b 001 0 eng  aENG-94641 a9788120336766c475.00 aEN-78174 bDBAD / PUB adplbEnglish  a519.52 aMukhopadhyay, Parimal aTheory and methods of survey sampling /cby Parimal Mukhopadhyay a2nd ed.  aNew Delhi bPHI Learning c2009 aM-97 Connaught CircusbNew Delhi e110001 axvi, 563p. c25cm(pbk)  aIncludes index aSampling (Statistics) 2ddccENh519.52mMUK c28962d28962 00102ddc40718NFICaDBADbDBADd2009-08-06eDBAD / PUBg475.00l0o519.52 MUKpEN-78174r2009-08-06 00:00:00t1v475.00w2009-08-06yEN